00719nam a22002177a 45000010005000000030009000050050017000140080041000310200015000720400028000870820022001151000026001372450106001632500013002692600049002823000045003315040051003766500027004277000021004547000026004758644BD-DhUAP20210112135714.0210105s2002 ii a b 001 0 eng  a8120325044 aDLCcDLCdBD-DhUAPbEng00a658.1511 HOR 223 aHorngren, Charles T. 00aIntroduction to management accounting /cCharles T. Horngren, Gary L. Sundem and William O. Stratton. a12th ed. aNew Delhi :bPrentice-Hall of India,cc2002. avarious pages :billustrations ;c24 cm. aIncludes bibliographical references and index. 0aManagerial accounting. aSundem, Gary L.  aStratton, William O.